Groupes de Hard Rock / Métal - Statistiques

Statistiques générales
  • Ce quiz a été pris 1 268 fois
  • Le résultat moyen est 9 sur 16
Statistiques - réponses
Par images Réponse % Correct
KISS
93%
AC/DC
91%
Metallica
89%
Slipknot
76%
Linkin Park
66%
Guns N' Roses
64%
Black Sabbath
63%
Korn
54%
Marilyn Manson
54%
Iron Maiden
52%
Limp Bizkit
45%
Scorpions
41%
Mötley Crüe
40%
Deftones
26%
Avenged Sevenfold
25%
Sum 41
23%
Aucun quiz correspondant
Distribution des résultats
% des personnes avec chaque résultat
Percentile par nombre de réponses
Votre historique - résultats
Vous n’avez pas pris ce quiz